| 000 | 00423cam a2200181ua 4500 | ||
|---|---|---|---|
| 001 | 10308 | ||
| 008 | 180319n ii |||gr||||Z||||||eng | ||
| 020 | _a9780195649000 | ||
| 040 | _cMAIN | ||
| 082 | _a338.9 | ||
| 100 |
_aRay, Debraj, _eAuthor. |
||
| 245 |
_aDevelopment economics _cBy Debraj Ray |
||
| 250 | _a25th imp. | ||
| 260 |
_aNew Delhi: _bOxford, _c2016. |
||
| 300 | _a848p. | ||
| 653 | _aProduction | ||
| 942 | _cBK | ||
| 999 |
_c9303 _d9303 |
||